000 01085nam a22003257a 4500
003 CHAP
005 20220329143339.0
008 081025s2005 us a r 00011 5ng d
010 _a95308
011 _a96280
020 _a1578083060
035 _a106927
040 _cCHAP
082 0 4 _a591.1852
_bK64
100 1 _aKisia, Seth M.
_963380
245 1 0 _aMuscular system of vertebrates
_c/by Seth M. Kisia and Daniel W. Onyango
260 _aEnfield, NH :
_bScience Publishers,
_c2005
300 _ax, 115 p. :
_bilus.
590 _aBATCH-UPD
_b10
_c20130110
_lUCH01
_h0324
590 _aBATCH-UPD
_b10
_c20130409
_lUCH01
_h2357
590 _aBATCH-UPD
_b10
_c20130914
_lUCH01
_h1708
590 _aCONVERSION
_b10
_c20130109
_lUCH01
_h1353
650 1 4 _aMiologĂ­a.
_976024
650 1 4 _aVertebrados.
_9118965
700 1 _aOnyango, Daniel W.
_983345
901 _aBK
942 _cLIBRO
949 _a591.1852 K64
_bBC
_cLIBRO
_d33724002069397
_eLIBRO
_gI.c/e
_h109760
_i106927
_sb
_t$605.00
949 _a591.1852 K64
_bBC
_cLIBRO
_d33724002069439
_eLIBRO
_fc.2
_gI.c/e
_h109761
_i106927
_sb
_t$605.00
999 _c95308
_d95308